00672nam a2200193Ia 4500082001600000245006800016260005300084300001400137440001600151504009700167650004600264650002400310650002100334650002400355650002700379650003900406700001800445700001500463 a025.04 ONL; 0aOn-line information processing through mini and micro computers aNew DelhibSociety for Information Sciencec1987 aix, 267p. aSISTRANS; 8 aProceedings of the sixth annual convention and conference, CEERI, Pilani, December 4-6, 1986 aInformation storage and retrieval systems aDatabase management aComputer science aInformation science aOnline data processing aLibrary science - Data processing  aNagarajan, S. aJain, H.C.